书目信息 |
| 题名: |
《人类理解论》研究
|
|
| 作者: | 邹化政 著 | |
| 分册: | ||
| 出版信息: | 北京 人民出版社 1987 |
|
| 页数: | 607页 | |
| 开本: | 20cm | |
| 丛书名: | 西方哲学史研究丛书 | |
| 单 册: | ||
| 中图分类: | B504 | |
| 科图分类: | ||
| 主题词: | 近代哲学--欧洲 | |
| 电子资源: | ||
| ISBN: | 7-01-000234-7 | |
| 000 | 00774nam2 2200253 45 | |
| 001 | 0187000385 | |
| 005 | 20060104161124.89 | |
| 010 | @a7-01-000234-7@dCNY4.15 | |
| 100 | @a19900808d1987 emky0chiy0121 ea | |
| 101 | 0 | @achi |
| 102 | @aCN@b110000 | |
| 105 | @ay z 000yy | |
| 200 | 12 | @a《人类理解论》研究@A《 ren lei li jie lun 》 yan jiu@e人类理智再探@ERen Lei Li Zhi Zai Tan@f邹化政著@FZou Hua Zheng Zhu |
| 210 | @a北京@c人民出版社@d1987 | |
| 215 | @a607页@d20cm | |
| 225 | 2 | @a西方哲学史研究丛书 |
| 410 | 0 | @120010@a西方哲学史研究丛书 |
| 517 | @a人类理智再探@ARen Lei Li Zhi Zai Tan | |
| 606 | 0 | @a近代哲学@x欧洲 |
| 690 | @aB504@v3 | |
| 701 | 0 | @a邹化政@4著 |
| 801 | 2 | @aCN@bNLC@c20060104 |
| 801 | 0 | @aCN@b深圳图书馆@c20040422 |
| 905 | @dB504@e17@f1@b210554 | |
| 《人类理解论》研究:人类理智再探/邹化政著.-北京:人民出版社,1987 |
| 607页;20cm.-(西方哲学史研究丛书) |
| ISBN 7-01-000234-7:CNY4.15 |
| ● |
| 相关链接 |
|
|
|
|
正题名:《人类理解论》研究
索取号:B504/17
 
预约/预借
| 序号 | 登录号 | 条形码 | 馆藏地/架位号 | 状态 | 备注 |
| 1 | 0210552 | 000517756 | 第一借阅区/ [索取号:B504/17] | 在馆 | |
| 2 | 0210553 | 202184670 | 密集书库/ [索取号:B504/17] | 在馆 | |
| 3 | 0210554 | 002041579 | 第一样本阅览室/ [索取号:B504/17] | 在馆 |